000 00466nam a2200169Ia 4500
008 230917s9999||||xx |||||||||||||| ||und||
020 _cRS 425.00
040 _e5009259
_aMAIN
041 _aEnglish
082 _a647.94 M687M
100 _aMishra, Rajeev R
245 0 _aManaging hotel front office operations
260 _aNew Delhi
_bCBS Publishers
_c2016
300 _axviii, 582 p.
500 _a3925 01/01/2020 HBD20/8225 05/02/2020 Main Budget
942 _cBK
999 _c1148
_d1148